Tejano Blue (All Lyrics) - Cigarettes After Sex - Statistics

General Stats
  • This quiz has been taken 15 times
  • The average score is 263 of 282
Answer Stats
Answer % Correct
a
100%
all
100%
always
100%
and
100%
And
100%
Baby,
100%
back
100%
bless
100%
blue
100%
eyes
100%
feel
100%
first
100%
flight
100%
from
100%
fuck
100%
get
100%
Get
100%
got
100%
heart,
100%
I
100%
in
100%
In
100%
it
100%
It
100%
keep
100%
know
100%
last
100%
like
100%
make
100%
me
100%
Never
100%
on
100%
say
100%
sleeping
100%
so
100%
So
100%
take
100%
Tejano's
100%
tejano's
100%
the
100%
The
100%
time
100%
to
100%
want
100%
was
100%
waves,
100%
waves
100%
We
100%
we
100%
when
100%
will
100%
you
100%
You
100%
your
100%
did
83%
drag
83%
floor
83%
forever
83%
high
83%
leather
83%
love
83%
my
83%
of
83%
one
83%
only
83%
over
83%
part
83%
pure
83%
real
83%
swim
83%
thing
83%
wanted
83%
Wanted
83%
were
83%
where
83%
with
83%
arcade
67%
life
67%
said
67%
shorts
67%
sweet
67%
top
67%
waist
67%
warm
67%
Dancing
50%
dot
50%
ever
50%
Holiday
50%
polka
50%
rest
50%
sang
50%
she
50%
shortest
50%
they
50%
girl
33%
live
33%
Oh,
33%
No matching quizzes found
Score Distribution
Percent of People with Each Score
Percentile by Number Answered
Your Score History
You have not taken this quiz